000 00520nam a2200181Ia 4500
008 090123s9999 xx 000 0 und d
082 _b14010
_a891.463/मंगेश
100 _aमंगेशकर गीता
245 _aकाहूर
250 _a1
260 _bप्रिया प्रकाशन
300 _a220
600 _aमंगेशकर गीता
630 _aकाहूर
700 _aमंगेशकर गीता
730 _aकाहूर
942 _cBOOK
999 _c52072
_d52072